Loading...
| History - World | 2 | 5 | 2 | 2 | 70 | 37 | 90.14 | 3 | 5 | 0.00 | 0.00 |
| History - European | 3 | 3 | 1 | 1 | 70 | 38 | 78.00 | 2 | 5 | 0.00 | 0.00 |
| Fine Arts - Painting and Sculpture | 2 | 4 | 0 | 0 | 70 | 64 | 89.00 | 2 | 4 | 0.00 | 0.00 |
| History - Other | 3 | 1 | 0 | 0 | 55 | 39 | 61.25 | 1 | 3 | 0.00 | 0.00 |
| Literature - Long Fiction | 1 | 4 | 1 | 2 | 50 | 74 | 115.80 | 1 | 2 | 0.00 | 0.00 |
| Philosophy | 2 | 2 | 0 | 0 | 50 | 37 | 71.25 | 0 | 4 | 0.00 | 0.00 |
| Mythology | 3 | 1 | 1 | 0 | 50 | 71 | 85.75 | 0 | 4 | 0.00 | 0.00 |
| Social Science | 1 | 4 | 2 | 1 | 45 | 69 | 102.20 | 1 | 5 | 0.00 | 0.00 |
| History - American | 0 | 4 | 0 | 1 | 40 | 107 | 122.50 | 0 | 0 | 0.00 | 0.00 |
| Fine Arts - Other | 0 | 4 | 0 | 0 | 40 | 106 | 117.50 | 0 | 1 | 0.00 | 0.00 |
| Current Events | 1 | 1 | 0 | 1 | 25 | 38 | 88.00 | 1 | 1 | 0.00 | 0.00 |
| Religion | 0 | 3 | 2 | 0 | 20 | 82 | 103.33 | 1 | 3 | 0.00 | 0.00 |
| Geography | 0 | 2 | 0 | 0 | 20 | 91 | 100.50 | 0 | 1 | 0.00 | 0.00 |
| Fine Arts - Classical Music | 0 | 2 | 1 | 1 | 15 | 144 | 148.50 | 0 | 0 | 0.00 | 0.00 |
| History - Ancient | 1 | 0 | 0 | 0 | 15 | 60 | 60.00 | 0 | 1 | 0.00 | 0.00 |
| Short Fiction and Other | 1 | 0 | 0 | 0 | 15 | 67 | 67.00 | 0 | 1 | 0.00 | 0.00 |
| Literature - Drama | 1 | 0 | 0 | 0 | 15 | 71 | 71.00 | 0 | 1 | 0.00 | 0.00 |
| Science - Biology | 0 | 1 | 0 | 1 | 10 | 130 | 130.00 | 0 | 0 | 0.00 | 0.00 |
| Science - Other | 0 | 1 | 0 | 1 | 10 | 151 | 151.00 | 0 | 1 | 0.00 | 0.00 |
| Literature - Poetry | 0 | 1 | 1 | 1 | 5 | 118 | 118.00 | 0 | 0 | 0.00 | 0.00 |
| Other Academic | 0 | 0 | 2 | 0 | -10 | 0.00 | 0 | 0 | 0.00 | 0.00 |